000 01628nam0a2200325 4500
001 RU\NLR\BIBL_A\011466516
005 20240921154552.0
021 _aRU
_b2017-48449
_93475
035 _a(RuMoRGB)008929275
035 _a(NLR Aleph) 011466516
090 _a11831694
_c11831694
100 _a20170905d2017 k y0rusy50 ca
101 0 _arus
_deng
102 _aRU
105 _aa z 000zy
200 1 _aОсобенности технологии повторной добычи руд в условиях обрушенного района подземным способом на примере Жезказганского месторождения
_fД. К. Бекбергенов
210 _aМосква
_cГорная книга
_d2017
215 _a14 с.
_cил.
_d21
225 1 _aГорный информационно-аналитический бюллетень
_e(научно-технический журнал)
_v№ 3
_iОтдельная статья. Cпециальный выпуск
_v3
_x0236-1493
300 _aНа 12-й с. авт.: Бекбергенов Д. К., к.т.н.
300 _aРез. на англ. яз.
320 _aБиблиогр.: с. 11-12 (13 назв.)
606 1 _aМедные руды
_xМесторождения
_xСистемы разработки
_yЖезказганский рудник
_91553210
_3RU\NLR\AUTH\66678526
686 _aИ333.210.125,0
_2rubbk
686 1 _aИ333.210.125
700 1 _aБекбергенов
_bД. К.
_gДосанбай Калдарбаевич
942 _cBOOK
980 _aNBR